| 000 -LEADER |
| fixed length control field |
01045nam a22001937a 4500 |
| 005 - DATE AND TIME OF LATEST TRANSACTION |
| control field |
20230116102555.0 |
| 008 - FIXED-LENGTH DATA ELEMENTS--GENERAL INFORMATION |
| fixed length control field |
230116c2022 ge ||||| |||| 00| 0 geo d |
| 022 ## - INTERNATIONAL STANDARD SERIAL NUMBER |
| International Standard Serial Number |
15120880 |
| 041 ## - LANGUAGE CODE |
| Language code of text/sound track or separate title |
geo |
| 245 ## - TITLE STATEMENT |
| Title |
საქართველოს ბიბლიოთეკა : |
| Remainder of title |
ჟურნალი გამოდის წელიწადში ოთხჯერ / |
| Statement of responsibility, etc. |
რედ.: მაია მიქაბერიძე, ალექსანდრე სტურუა, გულნარა სტურუა და სხვ. |
| 260 ## - PUBLICATION, DISTRIBUTION, ETC. |
| Place of publication, distribution, etc. |
თბილისი, |
| Date of publication, distribution, etc. |
2000- |
| 300 ## - PHYSICAL DESCRIPTION |
| Extent |
V. სმ. |
| 653 ## - INDEX TERM--UNCONTROLLED |
| Uncontrolled term |
საქართველოს ბიბლიოთეკა |
| 653 ## - INDEX TERM--UNCONTROLLED |
| Uncontrolled term |
პერიოდიკა |
| 700 ## - ADDED ENTRY--PERSONAL NAME |
| Personal name |
მიქაბერიძე, მაია |
| Relator term |
რედაქტორი |
| 9 (RLIN) |
4374 |
| 700 ## - ADDED ENTRY--PERSONAL NAME |
| Personal name |
სტურუა, ალექსანდრე |
| Relator term |
რედაქტორი |
| 9 (RLIN) |
16666 |
| 700 ## - ADDED ENTRY--PERSONAL NAME |
| Personal name |
სტურუა, გულნარა |
| Relator term |
რედაქტორი |
| 9 (RLIN) |
4373 |
| 942 ## - ADDED ENTRY ELEMENTS (KOHA) |
| Source of classification or shelving scheme |
|
| Koha item type |
პერიოდიკა |